[Event "Deutsche Ländermeisterschaft 2025"]
[Site "Oer-Erkenschwick GER"]
[Date "2025.10.02"]
[Round "3"]
[White "Schwarz, David"]
[Black "Atoyan, Alberto"]
[Result "0-1"]
[Termination "normal"]
[Board "2.1"]
[BlackTitle "CM"]
[WhiteElo "2149"]
[BlackElo "2302"]
[WhiteClock "00:32:51"]
[BlackClock "00:30:34"]
[WhiteTeam "Rheinland-Pfalz"]
[BlackTeam "Bayern"]
[PlyCount "112"]
[WhiteFideId "16287614"]
[BlackFideId "13314831"]
[EventCountry "GER"]
[EventRounds "7"]
[EventType "team-swiss"]
[EventDate "2025.09.30"]

1. d4 {[%clk 01:30:57]} {[%emt 00:00:03]} d5 {[%clk 01:30:50]} {[%emt
00:00:10]} 2. c3 {[%clk 01:31:23]} {[%emt 00:00:03]} Nf6 {[%clk 01:31:11]}
{[%emt 00:00:09]} 3. Nf3 {[%clk 01:31:49]} {[%emt 00:00:05]} c5 {[%clk
01:31:32]} {[%emt 00:00:10]} 4. dxc5 {[%clk 01:32:14]} {[%emt 00:00:05]} e6
{[%clk 01:31:42]} {[%emt 00:00:20]} 5. Be3 {[%clk 01:32:37]} {[%emt 00:00:06]}
Nc6 {[%clk 01:31:54]} {[%emt 00:00:18]} 6. b4 {[%clk 01:32:02]} {[%emt
00:01:06]} Be7 {[%clk 01:31:58]} {[%emt 00:00:26]} 7. g3 {[%clk 01:20:14]}
{[%emt 00:12:17]} O-O {[%clk 01:30:00]} {[%emt 00:02:27]} 8. Bg2 {[%clk
01:20:15]} {[%emt 00:00:30]} Ng4 {[%clk 01:25:19]} {[%emt 00:05:11]} 9. Bd4
{[%clk 01:20:35]} {[%emt 00:00:11]} e5 {[%clk 01:01:19]} {[%emt 00:24:29]} 10.
h3 {[%clk 01:20:52]} {[%emt 00:00:13]} exd4 {[%clk 01:01:19]} {[%emt 00:00:31]}
11. hxg4 {[%clk 01:21:20]} {[%emt 00:00:03]} dxc3 {[%clk 01:00:57]} {[%emt
00:00:52]} 12. Nxc3 {[%clk 01:21:42]} {[%emt 00:00:08]} d4 {[%clk 00:53:04]}
{[%emt 00:08:23]} 13. Nb5 {[%clk 01:18:58]} {[%emt 00:03:13]} d3 {[%clk
00:48:41]} {[%emt 00:04:53]} 14. Rb1 {[%clk 01:12:10]} {[%emt 00:07:18]} a5
{[%clk 00:41:12]} {[%emt 00:07:59]} 15. exd3 {[%clk 01:03:02]} {[%emt
00:09:39]} Nxb4 {[%clk 00:33:56]} {[%emt 00:07:46]} 16. d4 {[%clk 01:02:32]}
{[%emt 00:01:00]} Bxg4 {[%clk 00:31:29]} {[%emt 00:02:57]} 17. a3 {[%clk
01:00:15]} {[%emt 00:02:46]} Nd5 {[%clk 00:26:44]} {[%emt 00:05:16]} 18. Qd3
{[%clk 00:58:26]} {[%emt 00:02:18]} g6 {[%clk 00:24:58]} {[%emt 00:02:17]} 19.
Ne5 {[%clk 00:57:27]} {[%emt 00:01:29]} Bf5 {[%clk 00:20:48]} {[%emt 00:04:40]}
20. Be4 {[%clk 00:56:47]} {[%emt 00:01:10]} Bxe4 {[%clk 00:17:58]} {[%emt
00:03:20]} 21. Qxe4 {[%clk 00:57:15]} {[%emt 00:00:02]} Bf6 {[%clk 00:11:50]}
{[%emt 00:06:38]} 22. O-O {[%clk 00:51:56]} {[%emt 00:05:48]} Ra6 {[%clk
00:11:24]} {[%emt 00:00:56]} 23. Rb3 {[%clk 00:48:07]} {[%emt 00:04:19]} a4
{[%clk 00:07:50]} {[%emt 00:04:04]} 24. Rb2 {[%clk 00:48:00]} {[%emt 00:00:37]}
Be7 {[%clk 00:04:48]} {[%emt 00:03:33]} 25. f4 {[%clk 00:43:20]} {[%emt
00:05:09]} Re6 {[%clk 00:02:41]} {[%emt 00:02:37]} 26. Qf3 {[%clk 00:43:37]}
{[%emt 00:00:13]} Re8 {[%clk 00:01:48]} {[%emt 00:01:23]} 27. Rh2 {[%clk
00:29:52]} {[%emt 00:14:15]} Bf8 {[%clk 00:01:21]} {[%emt 00:00:57]} 28. f5
{[%clk 00:28:10]} {[%emt 00:02:12]} Rf6 {[%clk 00:01:20]} {[%emt 00:00:32]} 29.
g4 {[%clk 00:27:05]} {[%emt 00:01:34]} Nc7 {[%clk 00:00:45]} {[%emt 00:01:05]}
30. Nd6 {[%clk 00:12:14]} {[%emt 00:15:20]} Bxd6 {[%clk 00:01:10]} {[%emt
00:00:05]} 31. cxd6 {[%clk 00:12:43]} {[%emt 00:00:01]} Qxd6 {[%clk 00:01:34]}
{[%emt 00:00:07]} 32. Qe3 {[%clk 00:13:13]} Nb5 {[%clk 00:00:53]} {[%emt
00:01:12]} 33. Rd1 {[%clk 00:06:49]} {[%emt 00:06:53]} Nxd4 {[%clk 00:00:46]}
{[%emt 00:00:37]} 34. Rxd4 {[%clk 00:07:06]} {[%emt 00:00:13]} Qxe5 {[%clk
00:01:06]} {[%emt 00:00:11]} 35. Qxe5 {[%clk 00:07:30]} {[%emt 00:00:06]} Rxe5
{[%clk 00:01:35]} {[%emt 00:00:01]} 36. Rxa4 {[%clk 00:07:46]} {[%emt
00:00:13]} gxf5 {[%clk 00:01:48]} {[%emt 00:00:18]} 37. gxf5 {[%clk 00:06:26]}
{[%emt 00:01:50]} Rexf5 {[%clk 00:02:05]} {[%emt 00:00:12]} 38. Rg2+ {[%clk
00:06:36]} {[%emt 00:00:20]} Rg6 {[%clk 00:02:30]} {[%emt 00:00:05]} 39. Rb4
{[%clk 00:06:57]} {[%emt 00:00:08]} b5 {[%clk 00:02:05]} {[%emt 00:00:56]} 40.
a4 {[%clk 00:06:29]} {[%emt 00:00:57]} bxa4 {[%clk 00:01:59]} {[%emt 00:00:36]}
41. Rxa4 {[%clk 00:06:57]} {[%emt 00:00:02]} Rb5 {[%clk 00:29:59]} {[%emt
00:02:30]} 42. Ra7 {[%clk 00:30:54]} {[%emt 00:06:32]} Rb2 {[%clk 00:28:05]}
{[%emt 00:02:26]} 43. Rxg6+ {[%clk 00:30:21]} {[%emt 00:01:02]} hxg6 {[%clk
00:28:28]} {[%emt 00:00:06]} 44. Kf1 {[%clk 00:30:43]} {[%emt 00:00:08]} Kg7
{[%clk 00:28:55]} 45. Kg1 {[%clk 00:31:08]} {[%emt 00:00:10]} Kf6 {[%clk
00:29:10]} {[%emt 00:00:14]} 46. Kf1 {[%clk 00:31:33]} {[%emt 00:00:05]} Ke6
{[%clk 00:29:12]} 47. Kg1 {[%clk 00:31:46]} {[%emt 00:00:45]} g5 {[%clk
00:29:19]} 48. Kf1 {[%clk 00:32:07]} {[%emt 00:00:32]} f5 {[%clk 00:29:21]} 49.
Ra5 {[%clk 00:32:27]} {[%emt 00:00:38]} g4 {[%clk 00:29:44]} 50. Kg1 {[%clk
00:32:33]} {[%emt 00:00:32]} Kf6 {[%clk 00:30:09]} 51. Ra6+ {[%clk 00:32:51]}
{[%emt 00:00:17]} Kg5 {[%clk 00:30:34]} 52. Ra5 {[%clk 00:32:51]} g3 {[%clk
00:30:34]} 53. Rc5 {[%clk 00:32:51]} Kg4 {[%clk 00:30:34]} 54. Rc8 {[%clk
00:32:51]} f4 {[%clk 00:30:34]} 55. Ra8 {[%clk 00:32:51]} Rb1+ {[%clk
00:30:34]} 56. Kg2 {[%clk 00:32:51]} f3# {[%clk 00:30:34]} 0-1

[Event "Deutsche Ländermeisterschaft 2025"]
[Site "Oer-Erkenschwick GER"]
[Date "2025.10.02"]
[Round "3"]
[White "Mohylnyi, Stepan"]
[Black "Mader, Fabian"]
[Result "1-0"]
[Termination "normal"]
[Board "2.2"]
[WhiteTitle "FM"]
[WhiteElo "2275"]
[BlackElo "2153"]
[WhiteClock "00:32:04"]
[BlackClock "00:00:38"]
[WhiteTeam "Bayern"]
[BlackTeam "Rheinland-Pfalz"]
[PlyCount "71"]
[WhiteFideId "34127836"]
[BlackFideId "16265866"]
[EventCountry "GER"]
[EventRounds "7"]
[EventType "team-swiss"]
[EventDate "2025.09.30"]

1. e4 {[%clk 01:30:59]} c5 {[%clk 01:30:51]} {[%emt 00:00:10]} 2. Nf3 {[%clk
01:31:25]} {[%emt 00:00:03]} Nc6 {[%clk 01:31:15]} {[%emt 00:00:06]} 3. d4
{[%clk 01:31:51]} {[%emt 00:00:03]} cxd4 {[%clk 01:31:37]} {[%emt 00:00:07]} 4.
Nxd4 {[%clk 01:32:18]} {[%emt 00:00:03]} Nf6 {[%clk 01:31:55]} {[%emt
00:00:12]} 5. Nc3 {[%clk 01:32:44]} {[%emt 00:00:04]} e5 {[%clk 01:32:15]}
{[%emt 00:00:10]} 6. Ndb5 {[%clk 01:33:12]} {[%emt 00:00:03]} d6 {[%clk
01:32:34]} {[%emt 00:00:11]} 7. Nd5 {[%clk 01:33:40]} {[%emt 00:00:02]} Nxd5
{[%clk 01:32:54]} {[%emt 00:00:09]} 8. exd5 {[%clk 01:34:08]} {[%emt 00:00:03]}
Nb8 {[%clk 01:32:23]} {[%emt 00:01:01]} 9. c4 {[%clk 01:34:14]} {[%emt
00:00:24]} Be7 {[%clk 01:32:31]} {[%emt 00:00:22]} 10. c5 {[%clk 01:33:55]}
{[%emt 00:00:50]} O-O {[%clk 01:29:49]} {[%emt 00:03:11]} 11. Bd3 {[%clk
01:34:17]} {[%emt 00:00:07]} f5 {[%clk 01:25:08]} {[%emt 00:05:11]} 12. O-O
{[%clk 01:27:09]} {[%emt 00:07:38]} a6 {[%clk 01:13:57]} {[%emt 00:11:42]} 13.
cxd6 {[%clk 01:27:29]} {[%emt 00:00:10]} Bxd6 {[%clk 01:13:49]} {[%emt
00:00:38]} 14. Nxd6 {[%clk 01:27:53]} {[%emt 00:00:06]} Qxd6 {[%clk 01:14:14]}
{[%emt 00:00:05]} 15. Bc4 {[%clk 01:15:21]} {[%emt 00:13:02]} f4 {[%clk
01:09:46]} {[%emt 00:04:58]} 16. a4 {[%clk 01:11:12]} {[%emt 00:04:40]} f3
{[%clk 01:00:35]} {[%emt 00:09:40]} 17. Ra3 {[%clk 01:11:32]} {[%emt 00:00:10]}
fxg2 {[%clk 00:57:40]} {[%emt 00:03:25]} 18. Re1 {[%clk 01:11:47]} {[%emt
00:00:15]} Bf5 {[%clk 00:50:11]} {[%emt 00:07:59]} 19. Rg3 {[%clk 00:53:37]}
{[%emt 00:18:39]} Nd7 {[%clk 00:43:44]} {[%emt 00:06:58]} 20. b3 {[%clk
00:43:41]} {[%emt 00:10:26]} Nf6 {[%clk 00:29:17]} {[%emt 00:14:57]} 21. Bb2
{[%clk 00:43:27]} {[%emt 00:00:44]} Ne4 {[%clk 00:23:56]} {[%emt 00:05:51]} 22.
Rxg2 {[%clk 00:43:48]} {[%emt 00:00:08]} Bh3 {[%clk 00:13:40]} {[%emt
00:10:46]} 23. Rxe4 {[%clk 00:43:32]} {[%emt 00:00:47]} Bxg2 {[%clk 00:14:04]}
{[%emt 00:00:06]} 24. Kxg2 {[%clk 00:43:56]} {[%emt 00:00:06]} Rf5 {[%clk
00:13:46]} {[%emt 00:00:48]} 25. Bc1 {[%clk 00:43:40]} {[%emt 00:00:46]} Raf8
{[%clk 00:10:23]} {[%emt 00:03:52]} 26. Be3 {[%clk 00:43:45]} {[%emt 00:00:25]}
h5 {[%clk 00:09:15]} {[%emt 00:01:39]} 27. Bd3 {[%clk 00:41:24]} {[%emt
00:02:51]} Kh8 {[%clk 00:05:07]} {[%emt 00:04:38]} 28. Bc2 {[%clk 00:41:42]}
{[%emt 00:00:13]} Qf6 {[%clk 00:04:03]} {[%emt 00:01:33]} 29. Qd2 {[%clk
00:41:10]} {[%emt 00:01:02]} g5 {[%clk 00:03:17]} {[%emt 00:01:17]} 30. Rc4
{[%clk 00:40:05]} {[%emt 00:01:34]} Rf3 {[%clk 00:02:19]} {[%emt 00:01:28]} 31.
d6 {[%clk 00:39:41]} {[%emt 00:00:53]} Qe6 {[%clk 00:01:49]} {[%emt 00:01:01]}
32. Qd3 {[%clk 00:34:13]} {[%emt 00:05:57]} Qh3+ {[%clk 00:01:41]} {[%emt
00:00:38]} 33. Kg1 {[%clk 00:34:37]} {[%emt 00:00:06]} R8f7 {[%clk 00:00:51]}
{[%emt 00:01:21]} 34. Qe4 {[%clk 00:32:19]} {[%emt 00:02:48]} Qe6 {[%clk
00:00:35]} {[%emt 00:00:45]} 35. Bd1 {[%clk 00:32:04]} {[%emt 00:00:46]} g4
{[%clk 00:00:38]} {[%emt 00:00:28]} 36. Bc2 {[%emt 00:11:36]} 1-0

[Event "Deutsche Ländermeisterschaft 2025"]
[Site "Oer-Erkenschwick GER"]
[Date "2025.10.02"]
[Round "3"]
[White "Weber, Nikita"]
[Black "Duong, Quang Bach"]
[Result "0-1"]
[Termination "normal"]
[Board "2.3"]
[WhiteElo "2057"]
[BlackElo "2210"]
[WhiteClock "00:21:15"]
[BlackClock "00:40:33"]
[WhiteTeam "Rheinland-Pfalz"]
[BlackTeam "Bayern"]
[PlyCount "130"]
[WhiteFideId "34608770"]
[BlackFideId "16287045"]
[EventCountry "GER"]
[EventRounds "7"]
[EventType "team-swiss"]
[EventDate "2025.09.30"]

1. Nf3 {[%clk 01:30:51]} {[%emt 00:00:09]} Nf6 {[%clk 01:30:55]} {[%emt
00:00:05]} 2. b3 {[%clk 01:31:05]} {[%emt 00:00:17]} c5 {[%clk 01:29:53]}
{[%emt 00:01:34]} 3. Bb2 {[%clk 01:31:22]} {[%emt 00:00:13]} g6 {[%clk
01:30:14]} {[%emt 00:00:09]} 4. g3 {[%clk 01:31:43]} {[%emt 00:00:09]} Bg7
{[%clk 01:30:28]} {[%emt 00:00:15]} 5. Bg2 {[%clk 01:32:12]} {[%emt 00:00:02]}
O-O {[%clk 01:30:47]} {[%emt 00:00:11]} 6. c4 {[%clk 01:32:20]} {[%emt
00:00:22]} Nc6 {[%clk 01:30:01]} {[%emt 00:01:20]} 7. O-O {[%clk 01:32:30]}
{[%emt 00:00:19]} d6 {[%clk 01:23:50]} {[%emt 00:07:00]} 8. d4 {[%clk
01:32:37]} {[%emt 00:00:24]} a6 {[%clk 01:20:23]} {[%emt 00:04:10]} 9. Qc1
{[%clk 01:25:13]} {[%emt 00:08:12]} cxd4 {[%clk 01:19:04]} {[%emt 00:01:54]}
10. Nxd4 {[%clk 01:25:16]} {[%emt 00:00:27]} Bd7 {[%clk 01:18:48]} {[%emt
00:00:48]} 11. e3 {[%clk 01:21:04]} {[%emt 00:04:51]} Rc8 {[%clk 01:18:22]}
{[%emt 00:00:57]} 12. Nc3 {[%clk 01:20:43]} {[%emt 00:00:51]} b5 {[%clk
01:11:26]} {[%emt 00:07:38]} 13. Nxc6 {[%clk 01:06:22]} {[%emt 00:15:18]} Bxc6
{[%clk 01:11:51]} {[%emt 00:00:06]} 14. Bxc6 {[%clk 01:02:36]} {[%emt
00:04:22]} Rxc6 {[%clk 01:12:13]} {[%emt 00:00:08]} 15. cxb5 {[%clk 01:03:02]}
{[%emt 00:00:05]} axb5 {[%clk 01:12:32]} {[%emt 00:00:10]} 16. Qb1 {[%clk
01:02:20]} {[%emt 00:01:13]} Qa5 {[%clk 01:10:07]} {[%emt 00:02:59]} 17. Ne2
{[%clk 00:56:00]} {[%emt 00:07:02]} Rfc8 {[%clk 01:05:47]} {[%emt 00:05:00]}
18. Nd4 {[%clk 00:54:04]} {[%emt 00:02:30]} R6c7 {[%clk 01:02:52]} {[%emt
00:03:28]} 19. Qd3 {[%clk 00:50:19]} {[%emt 00:04:20]} b4 {[%clk 00:56:23]}
{[%emt 00:07:08]} 20. a3 {[%clk 00:42:40]} {[%emt 00:08:17]} Nd5 {[%clk
00:52:01]} {[%emt 00:04:56]} 21. Qd2 {[%clk 00:38:46]} {[%emt 00:04:28]} Nc3
{[%clk 00:50:30]} {[%emt 00:02:04]} 22. axb4 {[%clk 00:37:04]} {[%emt
00:02:11]} Qxb4 {[%clk 00:47:39]} {[%emt 00:03:22]} 23. Ra4 {[%clk 00:34:56]}
{[%emt 00:02:40]} Qb7 {[%clk 00:45:41]} {[%emt 00:02:28]} 24. Bxc3 {[%clk
00:34:53]} {[%emt 00:00:35]} Rxc3 {[%clk 00:46:03]} {[%emt 00:00:08]} 25. Rb1
{[%clk 00:25:14]} {[%emt 00:10:16]} Qd5 {[%clk 00:36:43]} {[%emt 00:09:56]} 26.
Rc4 {[%clk 00:24:25]} {[%emt 00:01:20]} R3xc4 {[%clk 00:36:13]} {[%emt
00:01:01]} 27. bxc4 {[%clk 00:24:52]} {[%emt 00:00:02]} Qxc4 {[%clk 00:36:02]}
{[%emt 00:00:40]} 28. Rb4 {[%clk 00:23:30]} {[%emt 00:01:54]} Qd5 {[%clk
00:31:19]} {[%emt 00:05:15]} 29. Rb5 {[%clk 00:23:18]} {[%emt 00:00:44]} Qe4
{[%clk 00:31:20]} {[%emt 00:00:28]} 30. Rb4 {[%clk 00:23:12]} {[%emt 00:00:37]}
Bf6 {[%clk 00:29:48]} {[%emt 00:02:03]} 31. Ne2 {[%clk 00:23:06]} {[%emt
00:00:36]} Qc6 {[%clk 00:29:38]} {[%emt 00:00:39]} 32. Rb1 {[%clk 00:23:05]}
{[%emt 00:00:34]} Ra8 {[%clk 00:29:32]} {[%emt 00:00:34]} 33. Nf4 {[%clk
00:23:14]} {[%emt 00:00:22]} e6 {[%clk 00:28:08]} {[%emt 00:01:55]} 34. Rc1
{[%clk 00:23:01]} {[%emt 00:00:44]} Qb6 {[%clk 00:28:13]} {[%emt 00:00:23]} 35.
Qc2 {[%clk 00:23:14]} {[%emt 00:00:19]} d5 {[%clk 00:26:44]} {[%emt 00:01:57]}
36. Qc6 {[%clk 00:22:29]} {[%emt 00:01:17]} Qxc6 {[%clk 00:25:38]} {[%emt
00:01:38]} 37. Rxc6 {[%clk 00:22:57]} {[%emt 00:00:02]} Kg7 {[%clk 00:25:51]}
{[%emt 00:00:17]} 38. h4 {[%clk 00:21:51]} {[%emt 00:01:38]} h5 {[%clk
00:24:53]} {[%emt 00:01:28]} 39. Rc2 {[%clk 00:20:14]} {[%emt 00:02:08]} Ra7
{[%clk 00:23:41]} {[%emt 00:01:43]} 40. Kg2 {[%clk 00:14:47]} {[%emt 00:06:02]}
Be5 {[%clk 00:22:55]} {[%emt 00:01:16]} 41. Nd3 {[%clk 00:12:56]} {[%emt
00:02:21]} Rc7 {[%clk 00:23:16]} {[%emt 00:00:09]} 42. Ra2 {[%clk 00:10:30]}
{[%emt 00:02:57]} Bc3 {[%clk 00:22:54]} {[%emt 00:00:52]} 43. Nf4 {[%clk
00:10:13]} {[%emt 00:00:48]} Kf6 {[%clk 00:22:06]} {[%emt 00:01:18]} 44. Ra6
{[%clk 00:09:28]} {[%emt 00:01:17]} Kf5 {[%clk 00:22:27]} {[%emt 00:00:10]} 45.
Ne2 {[%clk 00:09:04]} {[%emt 00:00:55]} Bg7 {[%clk 00:21:35]} {[%emt 00:01:20]}
46. Ra5 {[%clk 00:08:01]} {[%emt 00:01:35]} Rd7 {[%clk 00:20:06]} {[%emt
00:02:02]} 47. Kf3 {[%clk 00:06:29]} {[%emt 00:02:05]} Ke5 {[%clk 00:18:28]}
{[%emt 00:02:09]} 48. Ra6 {[%clk 00:03:29]} {[%emt 00:03:34]} Rd6 {[%clk
00:17:04]} {[%emt 00:01:53]} 49. Ra7 {[%clk 00:03:31]} {[%emt 00:00:30]} Kf6
{[%clk 00:17:17]} {[%emt 00:00:16]} 50. Nc3 {[%clk 00:26:10]} {[%emt 00:07:58]}
Bh6 {[%clk 00:45:56]} {[%emt 00:01:53]} 51. Ra5 {[%clk 00:25:05]} {[%emt
00:01:36]} Rd7 {[%clk 00:45:11]} {[%emt 00:01:16]} 52. Ra6 {[%clk 00:24:55]}
{[%emt 00:00:41]} Ke7 {[%clk 00:45:21]} {[%emt 00:00:19]} 53. Rb6 {[%clk
00:23:17]} {[%emt 00:02:10]} Bg7 {[%clk 00:42:57]} {[%emt 00:02:55]} 54. Rc6
{[%clk 00:22:51]} {[%emt 00:00:57]} Rb7 {[%clk 00:42:48]} {[%emt 00:00:38]} 55.
Ne2 {[%clk 00:21:43]} {[%emt 00:01:39]} Kd7 {[%clk 00:42:22]} {[%emt 00:00:55]}
56. Ra6 {[%clk 00:21:42]} {[%emt 00:00:32]} e5 {[%clk 00:41:31]} {[%emt
00:01:21]} 57. Ra5 {[%clk 00:22:01]} {[%emt 00:00:11]} Kd6 {[%clk 00:41:44]}
{[%emt 00:00:15]} 58. Ra6+ {[%clk 00:21:32]} {[%emt 00:01:01]} Kc5 {[%clk
00:41:59]} {[%emt 00:00:13]} 59. Ra5+ {[%clk 00:21:55]} {[%emt 00:00:09]} Kc4
{[%clk 00:41:56]} {[%emt 00:00:33]} 60. Ra4+ {[%clk 00:21:52]} {[%emt
00:00:33]} Kb3 {[%clk 00:41:41]} {[%emt 00:00:44]} 61. Ra8 {[%clk 00:20:47]}
{[%emt 00:01:34]} Rd7 {[%clk 00:41:06]} {[%emt 00:01:06]} 62. Rb8+ {[%clk
00:21:06]} {[%emt 00:00:12]} Kc2 {[%clk 00:40:21]} {[%emt 00:01:14]} 63. Rc8+
{[%clk 00:20:59]} {[%emt 00:00:38]} Kd2 {[%clk 00:40:13]} {[%emt 00:00:37]} 64.
Nc1 {[%clk 00:21:00]} {[%emt 00:00:30]} Rb7 {[%clk 00:40:13]} {[%emt 00:00:30]}
65. Ne2 {[%clk 00:21:15]} {[%emt 00:00:16]} e4+ {[%clk 00:40:33]} {[%emt
00:00:10]} 0-1

[Event "Deutsche Ländermeisterschaft 2025"]
[Site "Oer-Erkenschwick GER"]
[Date "2025.10.02"]
[Round "3"]
[White "Ratushnyi, Viktor"]
[Black "Vranckx, Oscar"]
[Result "0-1"]
[Termination "normal"]
[Board "2.4"]
[WhiteElo "2087"]
[BlackElo "2117"]
[WhiteClock "00:02:01"]
[BlackClock "00:46:38"]
[WhiteTeam "Bayern"]
[BlackTeam "Rheinland-Pfalz"]
[PlyCount "98"]
[WhiteFideId "34167293"]
[BlackFideId "34608788"]
[EventCountry "GER"]
[EventRounds "7"]
[EventType "team-swiss"]
[EventDate "2025.09.30"]

1. e4 {[%clk 01:30:58]} c5 {[%clk 01:30:56]} {[%emt 00:00:04]} 2. Nf3 {[%clk
01:31:22]} {[%emt 00:00:07]} e6 {[%clk 01:31:19]} {[%emt 00:00:08]} 3. g3
{[%clk 01:31:32]} {[%emt 00:00:20]} Nc6 {[%clk 01:31:43]} {[%emt 00:00:06]} 4.
Bg2 {[%clk 01:30:58]} {[%emt 00:01:03]} Nf6 {[%clk 01:31:39]} {[%emt 00:00:34]}
5. Qe2 {[%clk 01:30:21]} {[%emt 00:01:07]} e5 {[%clk 01:31:21]} {[%emt
00:00:48]} 6. c3 {[%clk 01:27:57]} {[%emt 00:02:54]} Be7 {[%clk 01:31:18]}
{[%emt 00:00:33]} 7. O-O {[%clk 01:28:00]} {[%emt 00:00:26]} O-O {[%clk
01:31:39]} {[%emt 00:00:09]} 8. Na3 {[%clk 01:27:42]} {[%emt 00:00:48]} Re8
{[%clk 01:31:53]} {[%emt 00:00:17]} 9. d3 {[%clk 01:26:37]} {[%emt 00:01:35]}
h6 {[%clk 01:31:51]} {[%emt 00:00:31]} 10. Nc4 {[%clk 01:25:15]} {[%emt
00:01:52]} Bf8 {[%clk 01:32:10]} {[%emt 00:00:11]} 11. Ne3 {[%clk 01:13:36]}
{[%emt 00:12:10]} d5 {[%clk 01:21:51]} {[%emt 00:10:49]} 12. exd5 {[%clk
01:12:09]} {[%emt 00:01:57]} Nxd5 {[%clk 01:21:58]} {[%emt 00:00:23]} 13. Nxd5
{[%clk 01:10:31]} {[%emt 00:02:08]} Qxd5 {[%clk 01:22:20]} {[%emt 00:00:08]}
14. Nd2 {[%clk 01:10:56]} {[%emt 00:00:05]} Qd8 {[%clk 01:20:27]} {[%emt
00:02:24]} 15. Nc4 {[%clk 01:08:16]} {[%emt 00:03:09]} Bf5 {[%clk 01:19:39]}
{[%emt 00:01:19]} 16. Be4 {[%clk 01:05:43]} {[%emt 00:03:03]} Qd7 {[%clk
01:15:07]} {[%emt 00:05:02]} 17. a4 {[%clk 00:48:50]} {[%emt 00:17:23]} Rad8
{[%clk 01:14:00]} {[%emt 00:01:36]} 18. Be3 {[%clk 00:40:49]} {[%emt 00:08:31]}
Bg4 {[%clk 01:12:15]} {[%emt 00:02:16]} 19. f3 {[%clk 00:40:36]} {[%emt
00:00:43]} Bh3 {[%clk 01:12:29]} {[%emt 00:00:15]} 20. Rfd1 {[%clk 00:38:27]}
{[%emt 00:02:39]} f5 {[%clk 01:11:47]} {[%emt 00:01:13]} 21. Bxc6 {[%clk
00:38:49]} {[%emt 00:00:09]} Qxc6 {[%clk 01:12:05]} {[%emt 00:00:11]} 22. b3
{[%clk 00:29:04]} {[%emt 00:10:14]} b6 {[%clk 00:59:22]} {[%emt 00:13:14]} 23.
Bf2 {[%clk 00:26:54]} {[%emt 00:02:40]} Qf6 {[%clk 00:52:44]} {[%emt 00:07:09]}
24. Rac1 {[%clk 00:18:27]} {[%emt 00:08:56]} Re6 {[%clk 00:50:56]} {[%emt
00:02:17]} 25. Ne3 {[%clk 00:14:07]} {[%emt 00:04:51]} Qg6 {[%clk 00:50:07]}
{[%emt 00:01:20]} 26. c4 {[%clk 00:12:49]} {[%emt 00:01:47]} h5 {[%clk
00:47:50]} {[%emt 00:02:48]} 27. Kh1 {[%clk 00:10:58]} {[%emt 00:02:21]} Rde8
{[%clk 00:45:01]} {[%emt 00:03:19]} 28. Nd5 {[%clk 00:07:57]} {[%emt 00:03:32]}
Bd6 {[%clk 00:44:32]} {[%emt 00:00:59]} 29. Re1 {[%clk 00:02:45]} {[%emt
00:05:42]} e4 {[%clk 00:43:47]} {[%emt 00:01:15]} 30. dxe4 {[%clk 00:01:25]}
{[%emt 00:01:50]} fxe4 {[%clk 00:44:09]} {[%emt 00:00:08]} 31. f4 {[%clk
00:01:45]} {[%emt 00:00:10]} Bg4 {[%clk 00:43:08]} {[%emt 00:01:30]} 32. Qf1
{[%clk 00:02:14]} {[%emt 00:00:01]} Bf3+ {[%clk 00:43:11]} {[%emt 00:00:28]}
33. Kg1 {[%clk 00:02:43]} e3 {[%clk 00:42:45]} {[%emt 00:00:56]} 34. Nxe3
{[%clk 00:01:27]} {[%emt 00:01:46]} Bxf4 {[%clk 00:42:56]} {[%emt 00:00:19]}
35. Rc3 {[%clk 00:01:29]} {[%emt 00:00:28]} Be5 {[%clk 00:42:55]} {[%emt
00:00:31]} 36. Rd3 {[%clk 00:00:40]} {[%emt 00:01:20]} Bd4 {[%clk 00:43:19]}
{[%emt 00:00:06]} 37. a5 {[%clk 00:00:36]} {[%emt 00:00:34]} bxa5 {[%clk
00:43:41]} {[%emt 00:00:07]} 38. Rxd4 {[%clk 00:00:31]} {[%emt 00:00:35]} cxd4
{[%clk 00:44:02]} {[%emt 00:00:09]} 39. Nd5 {[%clk 00:00:50]} {[%emt 00:00:11]}
Rxe1 {[%clk 00:43:57]} {[%emt 00:00:36]} 40. Bxe1 {[%clk 00:01:19]} {[%emt
00:00:01]} Bxd5 {[%clk 00:44:11]} {[%emt 00:00:15]} 41. cxd5 {[%clk 00:01:47]}
{[%emt 00:00:02]} Qb1 {[%clk 00:44:32]} {[%emt 00:00:09]} 42. Bxa5 {[%clk
00:00:45]} {[%emt 00:01:32]} Qxf1+ {[%clk 00:44:57]} {[%emt 00:00:05]} 43. Kxf1
{[%clk 00:01:13]} {[%emt 00:00:02]} Re5 {[%clk 00:45:19]} {[%emt 00:00:08]} 44.
Bd2 {[%clk 00:00:33]} {[%emt 00:01:10]} Rxd5 {[%clk 00:45:13]} {[%emt
00:00:36]} 45. Ke2 {[%clk 00:01:02]} d3+ {[%clk 00:45:00]} {[%emt 00:00:44]}
46. Ke3 {[%clk 00:01:22]} {[%emt 00:00:11]} a5 {[%clk 00:45:20]} {[%emt
00:00:11]} 47. Ke4 {[%clk 00:01:36]} {[%emt 00:00:15]} Rb5 {[%clk 00:45:47]}
{[%emt 00:00:03]} 48. Kxd3 {[%clk 00:01:45]} {[%emt 00:00:21]} Rxb3+ {[%clk
00:46:12]} {[%emt 00:00:04]} 49. Kc4 {[%clk 00:02:01]} {[%emt 00:00:15]} a4
{[%clk 00:46:38]} {[%emt 00:00:05]} 0-1